千葉県の戦前市制・町制 - Statistics

General Stats
  • This quiz has been taken 140 times
  • The average score is 60 of 105
Answer Stats
施行日 施行内容 所属郡 回答 % Correct
1921.01.01 市制 (市) 千葉市
93%
1889.04.01 町制 下埴生郡 成田町
90%
1909.09.01 町制 東葛飾郡 浦安町
90%
1889.04.01 町制 千葉郡 千葉町
86%
1934.11.03 市制 (市) 市川市
86%
1937.04.01 市制 (市) 船橋市
86%
1889.04.01 町制 東葛飾郡 市川町
85%
1889.04.01 町制 安房郡 館山町
85%
1890.10.27 町制 長柄郡 一宮町
85%
1943.04.01 市制 (市) 松戸市
85%
1889.04.01 町制 印旛郡 佐倉町
83%
1889.04.01 町制 東葛飾郡 流山町
83%
1889.04.01 町制 東葛飾郡 野田町
83%
1933.02.11 市制 (市) 銚子市
83%
1889.04.01 町制 望陀郡 木更津町
81%
1889.04.01 町制 長狭郡 鴨川町
81%
1926.09.15 町制 東葛飾郡 柏町
81%
1889.04.01 町制 東葛飾郡 船橋町
80%
1889.04.01 町制 東葛飾郡 松戸町
80%
1889.04.01 町制 南相馬郡 我孫子町
80%
1889.04.01 町制 海上郡 銚子町
80%
1889.04.01 町制 香取郡 佐原町
80%
1890.03.12 町制 夷隅郡 勝浦町
80%
1889.04.01 町制 山辺郡 東金町
78%
1889.04.01 町制 長柄郡 茂原町
76%
1889.04.01 町制 山辺郡 大網町
76%
1889.04.01 町制 武射郡 成東町
76%
1891.05.20 町制 市原郡 五井町
76%
1939.11.03 市制 (市) 館山市
76%
1889.04.01 町制 夷隅郡 大多喜町
75%
1897.12.01 町制 君津郡 富津町
75%
1899.12.22 町制 夷隅郡 大原町
75%
1903.03.03 町制 千葉郡 津田沼町
75%
1942.11.03 市制 (市) 木更津市
75%
1889.04.01 町制 印旛郡 酒々井町
73%
1896.04.22 町制 千葉郡 幕張町
73%
1943.04.01 町制 君津郡 君津町
73%
1889.04.01 町制 東葛飾郡 関宿町
71%
1919.01.01 町制 印旛郡 八街町
71%
1889.04.01 町制 市原郡 | 東葛飾郡 八幡町
69%
1889.04.01 町制 海上郡 旭町
69%
1914.04.01 町制 夷隅郡 御宿町
69%
1897.05.05 町制 香取郡 香取町
68%
1891.06.01 町制 市原郡 姉崎町
64%
1897.05.10 町制 山武郡 横芝町
64%
1928.11.10 町制 安房郡 小湊町
64%
1889.04.01 町制 海上郡 飯岡町
63%
1889.04.01 町制 夷隅郡 旭町
63%
1889.04.01 町制 長狭郡 天津町
63%
1935.08.10 町制 山武郡 白里町
61%
1889.04.01 町制 東葛飾郡 小金町
59%
1889.04.01 町制 東葛飾郡 行徳町
58%
1889.04.01 町制 望陀郡 久留里町
58%
1891.06.29 町制 香取郡 多古町
56%
1889.04.01 町制 印旛郡 木下町
54%
1890.05.23 町制 千葉郡 蘇我町
54%
1889.04.01 町制 香取郡 小見川町
53%
1889.04.01 町制 南相馬郡 布佐町
51%
1933.04.11 町制 安房郡 富浦町
51%
1889.04.01 町制 安房郡 北条町
49%
1890.03.12 町制 香取郡 神崎町
47%
1891.08.24 町制 千葉郡 大和田町
47%
1889.04.01 町制 印旛郡 臼井町
46%
1896.01.20 町制 平郡 勝山町
46%
1933.04.01 町制 安房郡 白浜町
46%
1889.04.01 町制 海上郡 本銚子町
42%
1889.04.01 町制 天羽郡 湊町
42%
1897.01.07 町制 平郡 保田町
42%
1898.08.31 町制 山武郡 松尾町
42%
1899.03.13 町制 安房郡 和田町
42%
1924.08.10 町制 東葛飾郡 中山町
42%
1892.12.28 町制 下埴生郡 安食町
41%
1891.05.01 町制 千葉郡 検見川町
39%
1926.04.10 町制 君津郡 青堀町
39%
1937.04.15 町制 南葛飾郡 南行徳町
39%
1889.04.01 町制 天羽郡 佐貫町
37%
1891.01.09 町制 市原郡 鶴舞町
37%
1889.04.01 町制 匝瑳郡 福岡町
36%
1890.03.12 町制 上埴生郡 庁南町
36%
1891.08.14 町制 海上郡 西銚子町
36%
1893.01.27 町制 平郡 那古町
36%
1897.12.01 町制 安房郡 船形町
36%
1924.07.15 町制 市原郡 牛久町
36%
1889.04.01 町制 香取郡 滑河町
34%
1900.06.25 町制 安房郡 曦町
34%
1924.04.10 町制 香取郡 栗源町
34%
1928.11.10 町制 千葉郡 二宮町
34%
1889.04.01 町制 山辺郡 土気本郷町
32%
1928.11.10 町制 千葉郡 生浜町
32%
1889.04.01 町制 長柄郡 帆丘町
31%
1920.10.01 町制 君津郡 大貫町
31%
1932.07.01 町制 君津郡 昭和町
31%
1893.09.22 町制 夷隅郡 国吉町
29%
1921.01.01 町制 夷隅郡 興津町
29%
1907.08.01 町制 香取郡 笹川町
27%
1925.10.01 町制 香取郡 府馬町
27%
1926.04.10 町制 山武郡 片貝町
25%
1928.11.10 町制 安房郡 江見町
25%
1940.02.11 町制 長生郡 白潟町
25%
1940.12.23 町制 印旛郡 千代田町
25%
1931.01.01 町制 東葛飾郡 葛飾町
24%
1928.11.10 町制 安房郡 岩井町
22%
1913.03.01 町制 印旛郡 大森町
19%
1940.02.11 町制 山武郡 豊海町
12%
No matching quizzes found
Score Distribution
Percent of People with Each Score
Percentile by Number Answered
Your Score History
You have not taken this quiz